Geografia Wielkiej Brytanii i Irlandii od A do Z - Statystyki

Ogólne statystyki
  • Ten quiz został rozwiązany 53 razy
  • Średni wynik to 14 z 23
Statystyki odpowiedzi
Litera Pytanie Odpowiedź % Poprawnych
D Które miasto jest stolicą Republiki Irlandii? Dublin
95%
S Jakie mityczne stworzenie znajduje się na walijskiej fladze? Smok
86%
A Który ocean stanowi zachodnie wybrzeże Irlandii? Atlantycki
83%
E Które miasto jest stolicą Szkocji? Edynburg
83%
F Jaką nazwę nosi obowiązująca w Wielkiej Brytanii waluta? Funt szterling
83%
T Jaką nazwę nosi rzeka płynąca przez Londyn? Tamiza
83%
B Które miasto jest stolicą i największym miastem Irlandii Północnej? Belfast
79%
O W jakim mieście znajduje się najstarszy na wyspach brytyjskich uniwersytet? Oxford
76%
I Jaką nazwę nosi azjatycki kraj który w 1947 ogłosił swoją niepodległość od Wielkiej Brytanii? Indie
74%
L Jak nazywa się miasto portowe w Anglii z którego pochodzi słynny zespół The Beatles? Liverpool
69%
M Jaką nazwę nosi separatystyczna wyspa należąca do Wielkiej Brytanii znajdująca się między Brytanią a Irlandią? Man
67%
P Jaką nazwę nosi morze stanowiące wschodnie wybrzeże Wielkiej Brytanii? Północne
67%
R Jak nazywał się bohater średniowiecznych legend brytyjskich, grasujący po lasach Sherwood? Robin Hood
62%
W Według podań religijnych dzięki działalności Świętego Patryka nie uświadczymy tych gadów na Irlandii. Wąż
62%
G Jaką nazwę nosi londyńska dzielnica od której swoją nazwę wziął południk 0* Greenwich
45%
J Jaką nazwę nosi wyspa u wybrzeży Francji mająca status dependencji korony brytyjskiej? Jersey
40%
Z Rozwój pierwotniaka doszczętnie zniszczył uprawy tej rośliny co doprowadziło do masowego głodu w Irlandii w latach 1845−1849. Ziemniak
40%
Y Jaką nazwę nosi kraina historyczna w północno-wschodniej Anglii jak i (do czasu podziału na trzy regiony administracyjne) największe hrabstwo? Yorkshire
36%
K Jaką nazwę nosi półwysep będące najbardziej wysuniętą na zachód częścią Anglii? Kornwalijski
31%
N Lud ten podbił Wielką Brytanię w 1066 roku. Normanowie
31%
C Jaką nazwę nosi morze otwarte znajdujące się między Irlandią a południowo-zachodnią częścią WIelkiej Brytanii? Celtyckie
24%
H Jak nazywa się rozległy, górzysty region w północno-zachodniej Szkocji, obejmujący Góry Kaledońskie i Grampiany, najrzadziej zaludniony zakątek Europy? Highlands
19%
U Jaką nazwę nosi historyczna prowincja Irlandzka obecnie będąca w granicach Zjednoczonego Królestwa? Ulster
19%
Nie znaleziono quizów pasujących do podanych kryteriów
Rozkład punktacji
Procent ludzi z każdym wynikiem
Percentyl według liczby udzielonych odpowiedzi
Twoja historia wyników
Nie rozwiązałeś tego quizu